Online katalóg knižníc regiónu Turca

Ivan Hlinka / (Record no. 20268)

MARC details
000 -LEADER
fixed length control field 01959nam a2200529 a 4500
001 - CONTROL NUMBER
control field 20268
003 - CONTROL NUMBER IDENTIFIER
control field CZ PrNK
005 - DATE AND TIME OF LATEST TRANSACTION
control field 20260120125648.0
007 - PHYSICAL DESCRIPTION FIXED FIELD--GENERAL INFORMATION
fixed length control field ta
008 - FIXED-LENGTH DATA ELEMENTS--GENERAL INFORMATION
fixed length control field 051214s2005 xr ac e 000 1bcze
015 ## - NATIONAL BIBLIOGRAPHY NUMBER
National bibliography number cnb001635157
020 ## - INTERNATIONAL STANDARD BOOK NUMBER
International Standard Book Number 8090330584
Qualifying information (váz.)
Canceled/invalid ISBN 978-80-903305-8-0
-- 809033058-4
035 ## - SYSTEM CONTROL NUMBER
System control number (OCoLC)85165819
040 ## - CATALOGING SOURCE
Original cataloging agency OLA001
Language of cataloging cze
Modifying agency ABA001
043 ## - GEOGRAPHIC AREA CODE
Geographic area code e-xr---
072 #7 - SUBJECT CATEGORY CODE
Subject category code 796
Subject category code subdivision Sport. Hry. Tělesná cvičení
Source Konspekt
072 #7 - SUBJECT CATEGORY CODE
Subject category code 929
Subject category code subdivision Biografie
Source Konspekt
080 ## - UNIVERSAL DECIMAL CLASSIFICATION NUMBER
Universal Decimal Classification number 929
Edition identifier MRF
080 ## - UNIVERSAL DECIMAL CLASSIFICATION NUMBER
Universal Decimal Classification number 796.966.071.2
Edition identifier MRF
080 ## - UNIVERSAL DECIMAL CLASSIFICATION NUMBER
Universal Decimal Classification number 796.966.071.43
Edition identifier MRF
080 ## - UNIVERSAL DECIMAL CLASSIFICATION NUMBER
Universal Decimal Classification number 796.966
Edition identifier MRF
080 ## - UNIVERSAL DECIMAL CLASSIFICATION NUMBER
Universal Decimal Classification number (437.3)
Edition identifier MRF
080 ## - UNIVERSAL DECIMAL CLASSIFICATION NUMBER
Universal Decimal Classification number (0:82-94)
Edition identifier MRF
080 ## - UNIVERSAL DECIMAL CLASSIFICATION NUMBER
Universal Decimal Classification number (084.12)
Edition identifier MRF
100 1# - MAIN ENTRY--PERSONAL NAME
Personal name Hlinková, Liběna,
Dates associated with a name 1958-
Relationship aut
245 10 - TITLE STATEMENT
Title Ivan Hlinka /
Statement of responsibility, etc. Liběna Hlinková, Jaroslav Kirchner, Miroslav Zukal
250 ## - EDITION STATEMENT
Edition statement 1. vyd.
260 ## - PUBLICATION, DISTRIBUTION, ETC.
Place of publication, distribution, etc. V Praze :
Name of publisher, distributor, etc. ZEMS,
Date of publication, distribution, etc. 2005
300 ## - PHYSICAL DESCRIPTION
Extent 182 s. :
Other physical details barev. il., portréty ;
Dimensions 24 cm
600 17 - SUBJECT ADDED ENTRY--PERSONAL NAME
Personal name Hlinka, Ivan,
Dates associated with a name 1950-2004
Source of heading or term czenas
650 07 - SUBJECT ADDED ENTRY--TOPICAL TERM
Topical term or geographic name entry element hokejisté
Geographic subdivision Česko
Chronological subdivision 20. století
Source of heading or term czenas
650 07 - SUBJECT ADDED ENTRY--TOPICAL TERM
Topical term or geographic name entry element hokejoví trenéři
Geographic subdivision Česko
Chronological subdivision 20.-21. století
Source of heading or term czenas
650 07 - SUBJECT ADDED ENTRY--TOPICAL TERM
Topical term or geographic name entry element lední hokej
Geographic subdivision Česko
Source of heading or term czenas
650 09 - SUBJECT ADDED ENTRY--TOPICAL TERM
Topical term or geographic name entry element hockey players
Geographic subdivision Czechia
Chronological subdivision 20th century
Source of heading or term eczenas
650 09 - SUBJECT ADDED ENTRY--TOPICAL TERM
Topical term or geographic name entry element hockey coaches
Geographic subdivision Czechia
Chronological subdivision 20th-21st centuries
Source of heading or term eczenas
650 09 - SUBJECT ADDED ENTRY--TOPICAL TERM
Topical term or geographic name entry element ice hockey
Geographic subdivision Czechia
Source of heading or term eczenas
655 #7 - INDEX TERM--GENRE/FORM
Genre/form data or focus term vzpomínky
Source of term czenas
655 #7 - INDEX TERM--GENRE/FORM
Genre/form data or focus term fotografické publikace
Source of term czenas
655 #9 - INDEX TERM--GENRE/FORM
Genre/form data or focus term reminiscences
Source of term eczenas
655 #9 - INDEX TERM--GENRE/FORM
Genre/form data or focus term photographical works
Source of term eczenas
700 1# - ADDED ENTRY--PERSONAL NAME
Personal name Kirchner, Jaroslav,
Dates associated with a name 1953-
Relationship aut
700 1# - ADDED ENTRY--PERSONAL NAME
Personal name Zukal, Miroslav
Relationship aut
856 41 - ELECTRONIC LOCATION AND ACCESS
Uniform Resource Identifier <a href="http://krameriusndk.nkp.cz/search/handle/uuid:d3f81610-92f9-11e3-8e84-005056827e51">http://krameriusndk.nkp.cz/search/handle/uuid:d3f81610-92f9-11e3-8e84-005056827e51</a>
Link text Digitalizovaný dokument
901 ## - LOCAL DATA ELEMENT A, LDA (RLIN)
a EAN 978-80-903305-8-0
-- ISBN 809033058-4
b 9788090330580
f 1. vyd.
g Jedno chybné ISBN uvedeno v tiráži; druhé na zadní straně desky v čárovém kódu
o 20060221
910 ## - USER-OPTION DATA (OCLC)
User-option data ABA001
942 ## - ADDED ENTRY ELEMENTS (KOHA)
Source of classification or shelving scheme Dewey Decimal Classification
Koha item type Odborná literatúra pre dospelých
Suppress in OPAC No
Holdings
Stav vyradenia Strata Poškodenie Spôsob nadobudnutia Domovská knižnica Aktuálna knižnica Dátum nadobudnutia Total checkouts Čiarový kód exemplára Date last seen Typ exemplára
      Dar Obecná knižnica Horná Štubňa Obecná knižnica Horná Štubňa 20.01.2026   9788090330580 20.01.2026 Odborná literatúra pre dospelých
Projekt je podporený Slovenskou asociáciou knižníc
Prevádzkuje Turčianska knižnica Martin 2026